Tri, dva, jeden - slovenčina slovenčina ako cudzí jazyk : úroveň A1

Guardado en:
Detalles Bibliográficos
Autor principal: Uličná, Martina, 1971-
Autor Corporativo: Centrum ďalšieho vzdelávania UK v Bratislave. Jazyková a odborná príprava cudzincov a krajanov
Otros Autores: Andorová, Iveta, Báčkaiová, Klaudia, Gabríková, Adela, Blažencová, Ľubica, Nevrlová, Katarína
Formato: Libro
Lenguaje:eslovaco
Publicado: Bratislava Centrum ďalšieho vzdelávania UK v Bratislave 2015
Edición:1. vyd.
Materias:
Etiquetas: Agregar Etiqueta
Sin Etiquetas, Sea el primero en etiquetar este registro!

MARC

LEADER 00000nam a2200000 4500
001 0237967
005 20240502073841.0
020 |a 978-80-223-3869-1 
041 0 |a slo 
044 |a SK 
245 1 0 |a Tri, dva, jeden - slovenčina  |b slovenčina ako cudzí jazyk : úroveň A1  |c Martina Uličná, Iveta Andorová, Klaudia Báčkaiová, Adela Gabríková ; recenzenti: Ľubica Blažencová, Katarína Nevrlová 
250 |a 1. vyd. 
264 1 |a Bratislava  |b Centrum ďalšieho vzdelávania UK v Bratislave  |c 2015 
300 |a 204 s. 
610 2 0 |a slovenčina 
610 2 0 |a jazyky cudzie 
610 2 0 |a gramatika 
610 2 0 |a zásoba slovná 
610 2 0 |a konverzácia 
610 2 0 |a výslovnosť 
610 2 0 |a reálie 
610 2 0 |a Slovensko 
100 1 |a Uličná, Martina, 1971- 
700 1 |a Andorová, Iveta 
700 1 |a Báčkaiová, Klaudia 
700 1 |a Gabríková, Adela 
700 1 |a Blažencová, Ľubica 
700 1 |a Nevrlová, Katarína 
710 2 |a Centrum ďalšieho vzdelávania UK v Bratislave. Jazyková a odborná príprava cudzincov a krajanov